Normal view
MARC view
Entry Personal Name
001 - CONTROL NUMBER
- control field: 8844
003 - CONTROL NUMBER IDENTIFIER
- control field: OSt
005 - DATE AND TIME OF LATEST TRANSACTION
- control field: 20220826035628.0
008 - FIXED-LENGTH DATA ELEMENTS
- fixed length control field: 220826|| aca||aabn | a|a d
040 ## - CATALOGING SOURCE
- Original cataloging agency: OSt
- Transcribing agency: OSt
100 ## - HEADING--PERSONAL NAME
- Personal name: အညတရဘိက္ခု (ဖားအောက်တောရ)။
- Dates associated with a name: ၁၉၅၅ -
- Fuller form of name: (ဦးဉာဏဂဝေသက)
670 ## - SOURCE DATA FOUND
- Source citation: Work cat.: (OSt): အညတရဘိက္ခု (ဖားအောက်တောရ)။ ၁၉၅၅ - (ဦးဉာဏဂဝေသက), နိဿရဏ ဝိမုတ္တိရသ /, ၂၀၀၈။